[Event "Florianopolis op 10th"]
[Site "Florianopolis"]
[Date "2024.01.22"]
[Round "4"]
[White "De Sousa, Alex Aecio"]
[Black "Mesquita, Guilherme"]
[Result "0-1"]
[WhiteElo "1742"]
[BlackElo "1975"]
[PlyCount "80"]
[EventDate "2024.01.20"]
[EventType "swiss"]
[EventRounds "10"]
[EventCountry "BRA"]
[SourceTitle "CB05_2024"]
[SourceDate "2024.01.31"]
[SourceVersion "1"]
[SourceVersionDate "2024.01.31"]
[SourceQuality "1"]

1. c4 c6 2. g3 e6 3. Bg2 d5 4. Nf3 Nf6 5. 0-0 Bd6 6. b3 0-0 7. Bb2 Qe7 8. d3 Nbd7 9. Nbd2 Ba3 10. Qc2 Bxb2 11. Qxb2 e5 12. cxd5 Nxd5 13. Rac1 f6 14. a3 N7b6 15. Ne4 a5 16. Nc5 Nd7 17. Qc2 b6 18. Ne4 Bb7 19. Qb2 Kh8 20. Nc3 Nxc3 21. Rxc3 c5 22. a4 Nb8 23. Nd2 Bxg2 24. Kxg2 Na6 25. Nc4 Nb4 26. Kg1 Qe6 27. Na3 f5 28. Nb5 Rac8 29. Rc4 Nc6 30. Qd2 Nd4 31. Nxd4 exd4 32. e3 Rcd8 33. exd4 Rxd4 34. Rxd4 cxd4 35. b4 f4 36. Re1 Qd7 37. bxa5 f3 38. Kh1 Qh3 39. Rg1 Rf5 40. Qc1 Qxh2+ 0-1

[Event "Florianopolis op 9th"]
[Site "Florianopolis"]
[Date "2023.01.28"]
[Round "9"]
[White "Mesquita, Guilherme"]
[Black "Dias, Juliane de Oliveira"]
[Result "1-0"]
[WhiteElo "2007"]
[BlackElo "1672"]
[PlyCount "71"]
[EventDate "2023.01.23"]
[EventType "swiss"]
[EventRounds "10"]
[EventCountry "BRA"]
[SourceTitle "CBM 212 Extra"]
[Source "ChessBase"]
[SourceDate "2023.03.31"]
[SourceVersion "1"]
[SourceVersionDate "2023.03.31"]
[SourceQuality "1"]

1. e4 c5 2. f4 e6 3. Nf3 d5 4. e5 Nc6 5. c3 Nge7 6. d3 Ng6 7. g3 Be7 8. Bg2 Bd7 9. Na3 a6 10. Nc2 Qb6 11. 0-0 h5 12. Qe2 Qc7 13. Bd2 Rc8 14. Rae1 Nd8 15. Bc1 b5 16. Nd2 Qb6 17. Kh1 h4 18. g4 h3 19. Bxd5 exd5 20. f5 Bh4 21. e6 fxe6 22. fxg6 d4 23. Qe5 Bf6 24. Rxf6 gxf6 25. g7 Rg8 26. Qxf6 Qd6 27. Qg6+ Nf7 28. Rf1 Bc6+ 29. Ne4 Qe7 30. Bg5 Qxg5 31. Qxf7+ Kd8 32. Qxg8+ Kc7 33. Qxe6 Bxe4+ 34. dxe4 Qd2 35. Rf7+ Kb8 36. Qb6+ 1-0

[Event "Florianopolis op 6th"]
[Site "Florianopolis"]
[Date "2020.01.20"]
[Round "1"]
[White "De Lima, Alexsandro Barros"]
[Black "Mesquita, Guilherme"]
[Result "0-1"]
[WhiteElo "2205"]
[BlackElo "1895"]
[PlyCount "100"]
[EventDate "2020.01.20"]
[EventType "swiss"]
[EventRounds "10"]
[EventCountry "BRA"]
[SourceTitle "CBM 194 Extra"]
[Source "ChessBase"]
[SourceDate "2020.03.31"]
[SourceVersion "1"]
[SourceVersionDate "2020.03.31"]
[SourceQuality "1"]

1. e4 c5 2. Nf3 d6 3. d4 cxd4 4. Nxd4 Nf6 5. Nc3 a6 6. g3 Nc6 7. Bg2 e5 8. Nde2 Be7 9. Bg5 0-0 10. Bxf6 Bxf6 11. Nd5 Be7 12. 0-0 Be6 13. Qd2 Bxd5 14. Qxd5 Qb6 15. Rab1 Rac8 16. Qd2 Rfd8 17. Bh3 Rb8 18. Nc3 Nd4 19. Kg2 Qa5 20. Qd3 Bf8 21. a3 Qc5 22. Rfc1 g6 23. b4 Qc6 24. Nd5 Ne6 25. Rb3 Qb5 26. Qe3 Rbc8 27. a4 Qxa4 28. Nb6 Qc6 29. Nxc8 Rxc8 30. Bxe6 fxe6 31. Rd3 Qc4 32. c3 Bh6 33. f4 exf4 34. Qf3 fxg3 35. Re1 Rf8 36. Qxg3 Bf4 37. Qh3 g5 38. Rd4 Qa2+ 39. Kh1 Be5 40. Rd3 Rf2 41. Rg3 Bxg3 42. Qxg3 Qd2 43. Rg1 Kf7 44. Qh3 Ke7 45. Qg3 h6 46. h4 Kf6 47. hxg5+ hxg5 48. Qh3 g4 49. Qh4+ Kf7 50. Qh7+ Ke8 0-1

[Event "BRA-ch Amateur U2000"]
[Site "Sao Paulo"]
[Date "2019.06.20"]
[Round "1"]
[White "Mesquita, Guilherme"]
[Black "Sarda, Pedro Sada"]
[Result "1-0"]
[WhiteElo "1896"]
[BlackElo "1492"]
[PlyCount "49"]
[EventDate "2019.06.20"]
[EventType "swiss"]
[EventRounds "7"]
[EventCountry "BRA"]
[SourceTitle "EXT 2020"]
[Source "ChessBase"]
[SourceDate "2019.10.17"]
[SourceVersion "1"]
[SourceVersionDate "2019.10.17"]
[SourceQuality "1"]

1. e4 c5 2. Nf3 e6 3. d4 cxd4 4. Nxd4 Nc6 5. Nc3 a6 6. Be3 Qc7 7. Be2 Nf6 8. 0-0 Be7 9. f4 0-0 10. e5 Ne8 11. Nxc6 dxc6 12. Qd3 b6 13. Rad1 g6 14. Bf3 Ng7 15. g4 a5 16. Nb5 cxb5 17. Bxa8 b4 18. Rf2 h5 19. h3 Kh7 20. Bf3 h4 21. Qb5 Rd8 22. Qxb6 Rxd1+ 23. Bxd1 Qc4 24. b3 Qe4 25. Bf3 1-0

[Event "Florianopolis op 5th"]
[Site "Florianopolis"]
[Date "2019.01.22"]
[Round "3"]
[White "Osipi, Jair"]
[Black "Mesquita, Guilherme"]
[Result "1-0"]
[WhiteElo "2126"]
[BlackElo "1850"]
[PlyCount "55"]
[EventDate "2019.01.21"]
[EventType "swiss"]
[EventRounds "10"]
[EventCountry "BRA"]
[SourceTitle "CBM 188 Extra"]
[Source "ChessBase"]
[SourceDate "2019.02.26"]
[SourceVersion "1"]
[SourceVersionDate "2019.02.26"]
[SourceQuality "1"]

1. c4 Nf6 2. Nc3 d5 3. d4 g6 4. Bf4 a6 5. e3 Bg7 6. Nf3 0-0 7. Rc1 c5 8. dxc5 Qa5 9. cxd5 Ne4 10. Be5 f6 11. Bd4 Nxc5 12. a3 Ne4 13. b4 Nxc3 14. Rxc3 Qd8 15. Bc4 Kh8 16. e4 Nd7 17. h4 Ne5 18. h5 Nxc4 19. Rxc4 Kg8 20. hxg6 hxg6 21. Nh4 Kf7 22. Nxg6 e5 23. Bc5 b6 24. Bxf8 Bxf8 25. Qh5 Bd7 26. Nxe5+ Ke7 27. Qh7+ Kd6 28. Nf7+ 1-0

[Event "Caioba Telecom op"]
[Site "Caioba"]
[Date "2017.10.01"]
[Round "7"]
[White "Fier, Luciano dos Santos"]
[Black "Mesquita, Guilherme"]
[Result "0-1"]
[WhiteElo "1925"]
[BlackElo "1786"]
[PlyCount "60"]
[EventDate "2017.09.28"]
[EventType "swiss"]
[EventRounds "8"]
[EventCountry "BRA"]
[SourceTitle "EXT 2020"]
[Source "ChessBase"]
[SourceDate "2019.10.17"]
[SourceVersion "1"]
[SourceVersionDate "2019.10.17"]
[SourceQuality "1"]

1. Nf3 Nf6 2. c4 g6 3. g3 Bg7 4. Bg2 0-0 5. 0-0 c5 6. Nc3 d5 7. cxd5 Nxd5 8. a3 Nxc3 9. bxc3 Qa5 10. Qc2 Nc6 11. Bb2 Rd8 12. Rad1 c4 13. d4 cxd3 14. exd3 Bf5 15. Nh4 Rac8 16. Nxf5 Qxf5 17. Qe2 Rd7 18. d4 Na5 19. Rfe1 Nc4 20. Bc1 Nd6 21. Rd3 Qb5 22. Bh3 Nf5 23. Qf3 e6 24. Bf1 Qa5 25. Qd1 Rxc3 26. Bd2 Rxd3 27. Bxa5 Rxd1 28. Rxd1 Bxd4 29. Kg2 b6 30. Bb4 Rd5 0-1